| 000 | 00878nam a2200193 a 4500 | ||
|---|---|---|---|
| 001 | 000041144 | ||
| 005 | 20201002034644.0 | ||
| 008 | 130625s1986 sp 000 0 spa d | ||
| 040 |
_aDO-SdBNP _bspa _cBNPHU |
||
| 245 | 1 | 3 |
_aEl codice de profetas de El Cairo / _cCarmen Muñoz Abad...[et.al] ; edición F. Pérez Castro. |
| 260 |
_aMadrid : _bConsejo Superior de Investigaciones Científicas Pérez Castro, _c1986. |
||
| 300 |
_av. ; _c29 cm. |
||
| 490 | 1 | _aTextos y estudios Cardenal Cisneros | |
| 505 | 0 |
_av. 1 _tJosue,Jueces _gv. 2 _tSamuel _gv. 3 _tReyes _gv.4 _tEzequiel _gv. 5 _tIsaias _gv. 7 _tProfetas menores _gv. 8 _tÍndice alfabetico de sus mesoras |
|
| 500 | _aIncluye referencias bibliográficas y notas al pie de las páginas | ||
| 700 | 1 |
_aMuñoz Abad, Carmen _967689 |
|
| 700 | 1 |
_aPérez Castro, Federico _eed. _965433 |
|
| 830 | 0 |
_aTextos y estudios Cardenal Cisneros _965577 |
|
| 999 |
_c40634 _d40634 |
||